<?xml version="1.0" encoding="UTF-8"?>
<record
    xmlns:xsi="http://www.w3.org/2001/XMLSchema-instance"
    xsi:schemaLocation="http://www.loc.gov/MARC21/slim http://www.loc.gov/standards/marcxml/schema/MARC21slim.xsd"
    xmlns="http://www.loc.gov/MARC21/slim">

  <leader>01413nam a22003375a 4500</leader>
  <datafield tag="999" ind1=" " ind2=" ">
    <subfield code="c">27374</subfield>
    <subfield code="d">27345</subfield>
  </datafield>
  <controlfield tag="003">EG-ScBUE</controlfield>
  <controlfield tag="005">20190411134919.0</controlfield>
  <controlfield tag="008">190411s2002    ua     grb    000 0 ara d</controlfield>
  <datafield tag="020" ind1=" " ind2=" ">
    <subfield code="a">9953120633</subfield>
  </datafield>
  <datafield tag="040" ind1=" " ind2=" ">
    <subfield code="a">EG-ScBUE</subfield>
    <subfield code="b">ara</subfield>
    <subfield code="c">EG-ScBUE</subfield>
    <subfield code="d">EG-ScBUE</subfield>
  </datafield>
  <datafield tag="041" ind1="1" ind2=" ">
    <subfield code="a">ara</subfield>
    <subfield code="h">und</subfield>
  </datafield>
  <datafield tag="082" ind1="0" ind2="4">
    <subfield code="a">320.01</subfield>
    <subfield code="b">&#x645; &#x643; &#x64A;</subfield>
    <subfield code="2">22</subfield>
  </datafield>
  <datafield tag="100" ind1="1" ind2=" ">
    <subfield code="a">&#x645;&#x643;&#x64A;&#x627;&#x641;&#x644;&#x644;&#x64A;&#x60C; &#x646;&#x64A;&#x642;&#x648;&#x644;&#x648;&#x60C;</subfield>
    <subfield code="d">1469-1527.</subfield>
  </datafield>
  <datafield tag="245" ind1="1" ind2="2">
    <subfield code="a">&#x627;&#x644;&#x623;&#x645;&#x64A;&#x631; /</subfield>
    <subfield code="c">&#x646;&#x64A;&#x642;&#x648;&#x644;&#x648; &#x645;&#x643;&#x64A;&#x627;&#x641;&#x644;&#x644;&#x64A; &#x61B; &#x62A;&#x639;&#x644;&#x64A;&#x642; &#x628;&#x646;&#x64A;&#x62A;&#x648; &#x645;&#x648;&#x633;&#x648;&#x644;&#x64A;&#x646;&#x64A; &#x61B; &#x645;&#x642;&#x62F;&#x645;&#x629; &#x643;&#x631;&#x64A;&#x633;&#x62A;&#x64A;&#x627;&#x646; &#x63A;&#x627;&#x648;&#x633; &#x61B; &#x62A;&#x639;&#x631;&#x64A;&#x628; &#x62E;&#x64A;&#x631;&#x64A; &#x62D;&#x645;&#x627;&#x62F; &#x61B; &#x62A;&#x639;&#x642;&#x64A;&#x628; &#x641;&#x627;&#x631;&#x648;&#x642; &#x633;&#x639;&#x62F;.</subfield>
  </datafield>
  <datafield tag="246" ind1="3" ind2="5">
    <subfield code="a">Prince :</subfield>
    <subfield code="b">the heritage of political thought before and after the prince</subfield>
  </datafield>
  <datafield tag="246" ind1="3" ind2="4">
    <subfield code="a">&#x627;&#x644;&#x623;&#x645;&#x64A;&#x631; :</subfield>
    <subfield code="b">&#x62A;&#x631;&#x627;&#x62B; &#x627;&#x644;&#x641;&#x643;&#x631; &#x627;&#x644;&#x633;&#x64A;&#x627;&#x633;&#x64A; &#x642;&#x628;&#x644; &#x627;&#x644;&#x623;&#x645;&#x64A;&#x631; &#x648;&#x628;&#x639;&#x62F;&#x647;</subfield>
  </datafield>
  <datafield tag="250" ind1=" " ind2=" ">
    <subfield code="a">&#x637;. 24.</subfield>
  </datafield>
  <datafield tag="260" ind1=" " ind2=" ">
    <subfield code="a">&#x628;&#x64A;&#x631;&#x648;&#x62A; :</subfield>
    <subfield code="b">&#x62F;&#x627;&#x631; &#x627;&#x644;&#x622;&#x641;&#x627;&#x642; &#x627;&#x644;&#x62C;&#x62F;&#x64A;&#x62F;&#x629;&#x60C;</subfield>
    <subfield code="c">2002.</subfield>
  </datafield>
  <datafield tag="300" ind1=" " ind2=" ">
    <subfield code="a">396 &#x635;. &#x61B;</subfield>
    <subfield code="c">24 &#x633;&#x645;.</subfield>
  </datafield>
  <datafield tag="504" ind1=" " ind2=" ">
    <subfield code="a">&#x64A;&#x634;&#x62A;&#x645;&#x644; &#x639;&#x644;&#x649; &#x625;&#x631;&#x62C;&#x627;&#x639;&#x627;&#x62A; &#x628;&#x628;&#x644;&#x64A;&#x648;&#x62C;&#x631;&#x627;&#x641;&#x64A;&#x629;.</subfield>
  </datafield>
  <datafield tag="541" ind1=" " ind2=" ">
    <subfield code="a">&#x627;&#x644;&#x646;&#x635; &#x628;&#x627;&#x644;&#x644;&#x63A;&#x629; &#x627;&#x644;&#x639;&#x631;&#x628;&#x64A;&#x629;.</subfield>
  </datafield>
  <datafield tag="650" ind1=" " ind2="7">
    <subfield code="a">&#x627;&#x644;&#x633;&#x64A;&#x627;&#x633;&#x629;</subfield>
    <subfield code="x">&#x646;&#x638;&#x631;&#x64A;&#x627;&#x62A;.</subfield>
    <subfield code="2">BUEsh</subfield>
  </datafield>
  <datafield tag="650" ind1=" " ind2="7">
    <subfield code="a">&#x627;&#x644;&#x646;&#x638;&#x645; &#x627;&#x644;&#x633;&#x64A;&#x627;&#x633;&#x64A;&#x629;.</subfield>
    <subfield code="2">BUEsh</subfield>
  </datafield>
  <datafield tag="651" ind1=" " ind2=" ">
    <subfield code="2">BUEsh</subfield>
  </datafield>
  <datafield tag="653" ind1=" " ind2=" ">
    <subfield code="b">BUSBOL</subfield>
    <subfield code="c">April2019</subfield>
  </datafield>
  <datafield tag="700" ind1="1" ind2=" ">
    <subfield code="a">&#x645;&#x648;&#x633;&#x648;&#x644;&#x64A;&#x646;&#x64A;&#x60C; &#x628;&#x646;&#x64A;&#x62A;&#x648;&#x60C; </subfield>
    <subfield code="e">&#x645;&#x639;&#x644;&#x642;.</subfield>
  </datafield>
  <datafield tag="700" ind1="1" ind2=" ">
    <subfield code="a">&#x63A;&#x627;&#x648;&#x633;&#x60C; &#x643;&#x631;&#x64A;&#x633;&#x62A;&#x64A;&#x627;&#x646;&#x60C; </subfield>
    <subfield code="e">&#x645;&#x642;&#x62F;&#x645;.</subfield>
  </datafield>
  <datafield tag="700" ind1="1" ind2=" ">
    <subfield code="a">&#x62D;&#x645;&#x627;&#x62F;&#x60C; &#x62E;&#x64A;&#x631;&#x64A;&#x60C;</subfield>
    <subfield code="e">&#x645;&#x639;&#x631;&#x628;.</subfield>
  </datafield>
  <datafield tag="700" ind1="1" ind2=" ">
    <subfield code="a">&#x633;&#x639;&#x62F;&#x60C; &#x641;&#x627;&#x631;&#x648;&#x642;&#x60C;</subfield>
    <subfield code="e">&#x645;&#x639;&#x642;&#x628;.</subfield>
  </datafield>
  <datafield tag="942" ind1=" " ind2=" ">
    <subfield code="2">ddc</subfield>
  </datafield>
  <datafield tag="952" ind1=" " ind2=" ">
    <subfield code="0">0</subfield>
    <subfield code="1">0</subfield>
    <subfield code="2">ddc</subfield>
    <subfield code="4">0</subfield>
    <subfield code="7">0</subfield>
    <subfield code="8">Madboly</subfield>
    <subfield code="a">MAIN</subfield>
    <subfield code="b">MAIN</subfield>
    <subfield code="c">1ST</subfield>
    <subfield code="d">2019-04-11</subfield>
    <subfield code="e">Purchase</subfield>
    <subfield code="g">125.00</subfield>
    <subfield code="h">0921</subfield>
    <subfield code="o">320.01 &#x645; &#x643; &#x64A;</subfield>
    <subfield code="p">000044560</subfield>
    <subfield code="r">2025-07-15 00:00:00</subfield>
    <subfield code="s">2025-04-08</subfield>
    <subfield code="v">156.25</subfield>
    <subfield code="y">BB</subfield>
  </datafield>
</record>
